| 000 | 006890000a22001810004500 | ||
|---|---|---|---|
| 003 | MACL | ||
| 005 | 20160608160445.0 | ||
| 008 | 160608b xxu||||| |||| 00| 0 eng d | ||
| 040 |
_aMACL _cMACL |
||
| 041 | _aHindi | ||
| 082 | _a954 MIS | ||
| 100 |
_aमिश्र, भारतेश कुमार _963189 |
||
| 245 |
_aभारतीय सभ्यता एवं संस्कृति का इतिहास _cभारतेश कुमार मिश्र |
||
| 260 |
_aनई दिल्ली _bशिवांक प्रकाशन _c2011 |
||
| 350 | _a995 | ||
| 650 |
_aभारतीय इतिहास _931578 |
||
| 942 |
_cHIN _k954/MIS _2ddc |
||
| 999 |
_c47583 _d47583 |
||